Flagi sąsiadów sąsiadów sąsiadów Polski - Statystyki

Ogólne statystyki
  • Ten quiz został rozwiązany 11 razy
  • Średni wynik to 27 z 29
Statystyki odpowiedzi
Obrazkowy Odpowiedź % Poprawnych
Andora
100%
Bhutan
100%
Brazylia
100%
Bułgaria
100%
Chorwacja
100%
Hiszpania
100%
Indie
100%
Iran
100%
Kanada
100%
Korea Południowa
100%
Liechtenstein
100%
Monako
100%
Serbia
100%
Turcja
100%
Wietnam
100%
Włochy
100%
Armenia
90%
Kirgistan
90%
Nepal
90%
Pakistan
90%
Słowenia
90%
Szwecja
90%
Tadżykistan
90%
Uzbekistan
90%
Laos
80%
Mjanma
80%
Surinam
80%
Afganistan
70%
Turkmenistan
70%
Nie znaleziono quizów pasujących do podanych kryteriów
Rozkład punktacji
Procent ludzi z każdym wynikiem
Percentyl według liczby udzielonych odpowiedzi
Twoja historia wyników
Nie rozwiązałeś tego quizu